00323nam a2200133Ia 4500008004100000041000800041082001600049100001600065245002600081250000600107260004700113300000700160650002200167210716s1963 xx 000 0 und d aeng a374.22 HSUF aHsu, F L K. aClan, caste and club. a1 aNew YorkbD Van nostrand company incc1963 axi aGeneral Knowledge